[Event "TOP 12 Feminin_GroupeB"]
[Site "CHARTRES, France"]
[Date "2024.05.09"]
[Round "1.1"]
[White "BUKSA, Nataliya"]
[Black "CRAMLING, Pia"]
[Result "*"]
[WhiteElo "2383"]
[BlackElo "2449"]
[Annotator ",jmourgues41@gmail.co"]
[PlyCount "44"]
[EventDate "2024.??.??"]

1. e4 {3} c5 {113} 2. Nf3 {5} e6 {44} 3. d4 {15} cxd4 {32} 4. Nxd4 {4} a6 {16}
5. c4 {30} Nf6 {32} 6. Nc3 {5} Qc7 {20} 7. a3 {28} b6 {26} 8. Be3 {40} Bb7 {15}
9. f3 {4} d6 {59} 10. Be2 {16} Be7 {8} 11. O-O {18} O-O {10} 12. Rc1 {19} Nbd7
{19} 13. b4 {127} Rac8 {39} 14. Qd2 {61} Qb8 {30} 15. Kh1 {164} h5 {119} 16. h4
{588} Rfe8 {340} 17. Na4 {910} Bd8 {1268} 18. Nb2 {1321} Ne5 {438} 19. Bg5 {304
} d5 20. exd5 exd5 21. c5 bxc5 22. bxc5 g6 {illisible} *

[Event "TOP 12 Feminin_GroupeB"]
[Site "CHARTRES, France"]
[Date "2024.05.09"]
[Round "1.2"]
[White "SKRIPCHENKO, Almira"]
[Black "ALEXIEVA, Silvia"]
[Result "1/2-1/2"]
[WhiteElo "2386"]
[BlackElo "2144"]
[PlyCount "127"]
[EventDate "2024.??.??"]
[WhiteTeam "Monaco"]
[BlackTeam "Chalons en Champagne"]

1. e4 {64} c5 {12} 2. Nf3 {23} e6 {21} 3. g3 {59} Nc6 {82} 4. Bg2 {5} Nf6 {28}
5. d3 {63} d5 {70} 6. Qe2 {24} Be7 {117} 7. O-O {25} h6 {85} 8. a4 {762} a6 {
564} 9. Re1 {85} d4 {163} 10. Nbd2 {164} Rb8 {25} 11. Nc4 {352} b5 {40} 12.
axb5 {3} axb5 {5} 13. Nce5 {2} Bb7 {271} 14. Nxc6 {564} Bxc6 {9} 15. b4 {1188}
cxb4 {516} 16. Bb2 {17} Bc5 {41} 17. e5 {144} Bxf3 {505} 18. Qxf3 {243} Nd5 {17
} 19. Qg4 {48} O-O {43} 20. Bc1 {782} Kh8 {1392} 21. Qh3 {373} f5 {231} 22.
Bxh6 {58} Kg8 {10} 23. Qh5 {197} Nc3 {340} 24. Ra6 {171} Qe8 {285} 25. Qxe8 {
290} Rfxe8 {8} 26. Bd2 {31} Kf7 {46} 27. h4 {60} Rec8 {132} 28. Bf3 {70} Bb6 {
115} 29. Kg2 {127} Rc7 {37} 30. h5 {13} Ra7 {113} 31. Rxa7+ {46} Bxa7 {2} 32.
Ra1 {27} Bb6 {192} 33. Ra6 {25} Ke7 {48} 34. Bc6 {46} Kd8 {294} 35. Bf3 {181}
Kd7 {57} 36. Ra1 {37} Rh8 {166} 37. Ra6 {50} Rb8 {5} 38. Kh3 {36} Bc5 {195} 39.
Ra1 {70} Kc7 {32} 40. Kg2 {18} Kb6 {40} 41. h6 {20} gxh6 {5} 42. Bxh6 {9} Bf8 {
56} 43. Bg5 {34} Bg7 {61} 44. Be7 {65} Na4 {99} 45. Bxb4 {29} Rc8 {14} 46. Rc1
{60} Nb2 {20} 47. Bd2 {7} Bf8 {53} 48. Bf4 {23} Ba3 {4} 49. Rh1 {69} Rxc2 {6}
50. Rh6 {24} Nxd3 {26} 51. Rxe6+ {11} Ka5 {7} 52. Bb7 {58} Rxf2+ {73} 53. Kg1 {
4} Rc2 {111} 54. Ra6+ {25} Kb4 {6} 55. Bg5 {40} Kb3 {76} 56. e6 {41} Re2 {33}
57. Bd5+ {30} Kb2 {9} 58. Rb6 {14} Bc5 {93} 59. Rxb5+ {16} Kc3 {5} 60. Rb3+ {56
} Kc2 {5} 61. Rb5 {35} Kc3 {2} 62. Rb3+ {34} Kc2 {1} 63. Rb5 {12} Kc3 {2} 64.
Rb3+ {36} 1/2-1/2

[Event "TOP 12 Feminin_GroupeB"]
[Site "CHARTRES, France"]
[Date "2024.05.09"]
[Round "1.3"]
[White "AFRAOUI, Anaelle"]
[Black "BELENKAYA, Dina"]
[Result "0-1"]
[WhiteElo "2145"]
[BlackElo "2179"]
[PlyCount "64"]
[EventDate "2024.??.??"]
[WhiteTeam "Monaco"]
[BlackTeam "Chalons en Chamapgne"]

1. e4 {5} c6 {76} 2. Nf3 {9} d5 {7} 3. d3 {84} g6 {197} 4. e5 {83} c5 {258} 5.
d4 {29} Nc6 {77} 6. c3 {135} Nh6 {112} 7. dxc5 {139} Bg7 {443} 8. h3 {172} O-O
{17} 9. Be2 {21} Nf5 {183} 10. Bf4 {78} f6 {71} 11. exf6 {167} Bxf6 {51} 12. g4
{192} Nh4 {252} 13. O-O {140} e5 {278} 14. Bh6 {537} Bg7 {182} 15. Bxg7 {137}
Kxg7 {17} 16. Nxh4 {204} Qxh4 {2} 17. Qxd5 {40} Qxh3 {35} 18. Qg2 {14} Qh4 {107
} 19. Nd2 {135} Rf4 {156} 20. Qg3 {113} Qe7 {237} 21. b4 {113} Be6 {63} 22. f3
{62} Raf8 {562} 23. Ne4 {569} Bd5 {414} 24. Bd3 {50} Nd8 {440} 25. Rae1 {418}
Ne6 {65} 26. Nd6 {647} Ng5 {198} 27. c4 {1183} Bxf3 {680} 28. Kh2 {195} Qf6 {
676} 29. Re3 Bc6 30. Nf5+ gxf5 31. Rxf4 Qh6+ 32. Kg1 exf4 0-1

[Event "TOP 12 Feminin_GroupeB"]
[Site "CHARTRES, France"]
[Date "2024.05.09"]
[Round "1.4"]
[White "DORBUSCH, Tatiana"]
[Black "MORACCHINI, Margaux"]
[Result "1-0"]
[WhiteElo "2197"]
[BlackElo "1972"]
[PlyCount "63"]
[EventDate "2024.??.??"]
[WhiteTeam "Monaco"]
[BlackTeam "Chalons en Champagne"]

1. d4 {55} Nf6 {23} 2. Nf3 {22} g6 {25} 3. g3 {14} Bg7 {24} 4. Bg2 {22} O-O {27
} 5. c4 {67} c6 {84} 6. O-O {75} d5 {34} 7. b3 {255} dxc4 {393} 8. bxc4 {209}
c5 {40} 9. Bb2 {332} Qb6 {172} 10. Qb3 {216} Qxb3 {1282} 11. axb3 {4} Ne4 {642}
12. e3 {1049} Nc6 {200} 13. Ne5 {191} Nxe5 {93} 14. dxe5 {63} Ng5 {220} 15. f4
Ne6 16. Nc3 Bd7 17. Bxb7 Rab8 18. Rxa7 Nd8 19. Bg2 Rxb3 20. Ba1 Be6 21. Nd5
Bxd5 22. cxd5 e6 23. e4 Nb7 24. Rc1 Rd8 25. Bf1 Rb6 26. Bc4 Rb8 27. Bc3 Bf8 28.
Kf2 Nd8 29. Ke2 R6b7 30. Rca1 h5 31. Rxb7 Nxb7 32. Rb1 1-0

[Event "TOP 12 Feminin_GroupeB"]
[Site "CHARTRES, France"]
[Date "2024.05.09"]
[Round "1.5"]
[White "BROLY, Mathilde"]
[Black "BEREND, Elvira"]
[Result "1/2-1/2"]
[WhiteElo "2097"]
[BlackElo "2256"]
[Annotator ",jmourgues41@gmail.co"]
[PlyCount "37"]
[EventDate "2024.??.??"]
[WhiteTeam "Clichy"]
[BlackTeam "Vandoeuvre"]

1. c4 {6} e6 {65} 2. g3 {49} Nf6 {11} 3. Bg2 {36} d5 {12} 4. Nf3 {14} dxc4 {94}
5. Qa4+ {201} Nbd7 {8} 6. Qxc4 {36} c5 {140} 7. O-O {274} a6 {98} 8. Qc2 {322}
g6 {749} 9. d4 {164} cxd4 {178} 10. Nxd4 {73} Bg7 {11} 11. Nc3 {357} O-O {23}
12. Nb3 {187} Rb8 {235} 13. Bf4 {596} e5 {18} 14. Be3 {8} Ng4 {592} 15. Ba7 {
469} Ra8 {11} 16. Bc5 {7} Nxc5 {96} 17. Nxc5 {7} Rb8 {660} 18. Rad1 {279} Qa5 {
322} 19. Nd5 {571} 1/2-1/2

[Event "TOP 12 Feminin_GroupeB"]
[Site "CHARTRES, France"]
[Date "2024.05.09"]
[Round "1.6"]
[White "SAVINA, Anastasia"]
[Black "COCHET, Caroline"]
[Result "1-0"]
[WhiteElo "2331"]
[BlackElo "1972"]
[PlyCount "89"]
[EventDate "2024.??.??"]
[WhiteTeam "Vandoeuvre"]
[BlackTeam "Clichy"]

1. d4 {7} d5 {19} 2. c4 {6} e6 {56} 3. Nc3 {7} Nf6 {86} 4. Bg5 {15} Nbd7 {78}
5. e3 {16} Be7 {387} 6. Nf3 {43} c6 {278} 7. Bd3 {400} O-O {578} 8. O-O {167}
b6 {460} 9. Rc1 {975} Bb7 {394} 10. cxd5 {252} cxd5 {222} 11. Bf4 {899} a6 {397
} 12. a4 {400} h6 {157} 13. Qe2 {257} Nh5 {671} 14. Be5 {373} f5 {490} 15. Na2
{386} Nxe5 {580} 16. dxe5 {155} g6 {59} 17. Nd4 {31} Qd7 {53} 18. b4 {326} Ng7
{94} 19. h3 {365} g5 {184} 20. Rc2 {179} Rfc8 {99} 21. Rxc8+ {136} Qxc8 {10}
22. b5 {178} a5 {88} 23. Rc1 {97} Qd7 {15} 24. Rc2 {112} Rc8 {37} 25. Nc1 {9}
Rxc2 {92} 26. Qxc2 {19} Qc8 {105} 27. Qxc8+ {294} Bxc8 {6} 28. Nc6 {2} Ba3 {97}
29. Nb3 {10} Kf7 {55} 30. Kf1 {91} h5 {84} 31. Ke2 {33} h4 {41} 32. g3 {106}
Nh5 {91} 33. gxh4 {9} gxh4 {8} 34. Nbd4 {36} Bd7 {78} 35. Nf3 {36} Bb2 {118}
36. Kd2 {46} Bxc6 {49} 37. bxc6 {2} Ke7 {6} 38. Kc2 {19} Ba1 {22} 39. Nxh4 {30}
Kd8 {27} 40. Be2 {62} Ng7 {28} 41. f4 {38} d4 {43} 42. exd4 {23} Bxd4 {6} 43.
Kd3 {10} Bf2 {45} 44. Ng6 {5} Ne8 {123} 45. h4 {10} 1-0

[Event "TOP 12 Feminin_GroupeB"]
[Site "CHARTRES, France"]
[Date "2024.05.09"]
[Round "1.7"]
[White "BONVALOT, Isabelle"]
[Black "THOMAS, Anysia"]
[Result "0-1"]
[WhiteElo "1924"]
[BlackElo "2167"]
[Annotator ",jmourgues41@gmail.co"]
[PlyCount "86"]
[EventDate "2024.??.??"]
[WhiteTeam "Clichy"]
[BlackTeam "Vandoeuvre"]

1. f4 {7} d5 {150} 2. d3 {20} Nf6 {56} 3. Nf3 {57} g6 {214} 4. g3 {29} Bg7 {5}
5. Bg2 {8} O-O {5} 6. O-O {15} b6 {92} 7. Nc3 {193} Bb7 {50} 8. Ne5 {74} Nbd7 {
333} 9. Nxd7 {321} Qxd7 {7} 10. e4 {16} dxe4 {486} 11. dxe4 {25} Qc6 {142} 12.
Qe2 {170} Rfd8 {179} 13. e5 {68} Qxg2+ {83} 14. Qxg2 {3} Bxg2 {6} 15. Kxg2 {6}
Nd5 {184} 16. Ne4 {646} f6 {884} 17. exf6 {722} exf6 {8} 18. c3 {626} Re8 {441}
19. Nf2 {37} Re2 {383} 20. Rd1 {184} c6 {89} 21. a4 {123} Rae8 {270} 22. a5 {
205} b5 {220} 23. Bd2 {212} Bf8 {302} 24. Re1 {248} Bc5 {193} 25. Rxe2 Rxe2 {5}
26. Be1 {15} Rxb2 {51} 27. Kf3 {11} Bxf2 {397} 28. Bxf2 {5} a6 {14} 29. c4 {127
} bxc4 {157} 30. Rc1 {78} c3 {68} 31. h4 {29} Kf7 {77} 32. g4 {76} Ra2 {107}
33. Bb6 {290} Ra4 34. Be3 {73} Rxa5 {37} 35. g5 {90} fxg5 {66} 36. hxg5 {17} c2
{80} 37. Rxc2 {65} Ra3 {10} 38. Rxc6 {27} Rxe3+ {19} 39. Kf2 {11} Re6 {33} 40.
Rc8 {31} Nxf4 {42} 41. Kf3 {62} Nd5 {60} 42. Rh8 {16} Kg7 {9} 43. Rd8 {25} Ne7
{21} 0-1

[Event "TOP 12 Feminin_GroupeB"]
[Site "CHARTRES, France"]
[Date "2024.05.09"]
[Round "1.8"]
[White "STEIL-ANTONI, Fiona"]
[Black "MONTIER, Mathilde"]
[Result "0-1"]
[WhiteElo "2106"]
[BlackElo "1199"]
[PlyCount "63"]
[EventDate "2024.??.??"]
[WhiteTeam "Vandoeuvre"]
[BlackTeam "Clichy"]

1. e4 {6} c6 {9} 2. d4 {12} d5 {9} 3. exd5 {18} cxd5 {8} 4. Bd3 {8} Nc6 {36} 5.
c3 {5} Nf6 {54} 6. h3 {6} e5 {125} 7. dxe5 {10} Nxe5 {10} 8. Bc2 {70} Be7 {192}
9. Nf3 {166} Nc4 {171} 10. O-O {79} h6 {230} 11. Qd3 {156} Nb6 {368} 12. Bf4 {
88} O-O {198} 13. Nbd2 {105} Re8 {156} 14. Rfd1 {151} Bd6 {224} 15. Bxd6 {157}
Qxd6 {14} 16. a4 {59} Bd7 {499} 17. a5 {54} Nc8 {19} 18. Nf1 {102} Ne7 {163}
19. Ne3 {45} Rad8 {153} 20. Qd4 {206} b6 {266} 21. axb6 {171} axb6 {17} 22. Nc4
{53} Qc5 {110} 23. Nxb6 {45} Qxd4 {14} 24. Nxd4 {21} Rb8 {25} 25. Nxd7 {24}
Nxd7 {12} 26. Ba4 {114} Red8 {41} 27. Re1 {33} Nc5 {280} 28. Rxe7 {28} Nxa4 {20
} 29. Rxa4 {9} Rxb2 {29} 30. Raa7 {10} Rc8 {95} 31. Rxf7 {18} Rb1+ {81} 32. Kh2
{7} 0-1

[Event "TOP 12 Feminin_GroupeB"]
[Site "CHARTRES, France"]
[Date "2024.05.09"]
[Round "1.9"]
[White "GARCIA MARIN, Marta"]
[Black "HAROUTYUNYAN, Erika"]
[Result "1-0"]
[WhiteElo "2342"]
[BlackElo "1501"]
[PlyCount "75"]
[EventDate "2024.??.??"]
[WhiteTeam "Marseille "]
[BlackTeam "Strasbourg"]

1. d4 {4} d5 {13} 2. Nc3 {31} Nc6 {106} 3. Bf4 {113} Bf5 {261} 4. f3 {252} Nf6
{135} 5. g4 {66} Be6 {722} 6. e3 {66} a6 {452} 7. Nge2 {111} g6 {236} 8. Bg3 {
350} Bg7 {914} 9. Nf4 {34} Qd7 {344} 10. h4 {223} h6 {195} 11. Qd2 {97} g5 {437
} 12. hxg5 {207} hxg5 {21} 13. Rxh8+ {5} Bxh8 {8} 14. Nd3 {405} b6 {738} 15.
Qh2 {153} O-O-O {98} 16. Ne5 {8} Qe8 {329} 17. Bxa6+ {14} Kb8 {15} 18. Bb5 {178
} Bd7 {158} 19. Nxc6+ {15} Bxc6 {28} 20. Bxc7+ {4} Kc8 {59} 21. Bxc6 {26} Qxc6
{26} 22. Bxd8 {4} Kxd8 {23} 23. Qxh8+ {7} Kd7 {33} 24. Qb8 {36} Qe6 {172} 25.
Kd2 {27} Qc6 {111} 26. a4 {17} Ke6 {32} 27. Qe5+ {40} Kd7 {11} 28. Qxg5 {21}
Qd6 {25} 29. Qe5 {42} Qb4 {47} 30. g5 {12} Qxb2 {153} 31. gxf6 {67} Qxa1 {29}
32. fxe7 {11} Ke8 {62} 33. Qd6 {22} f6 {59} 34. Qd8+ {8} Kf7 {8} 35. e8=Q+ {5}
Kg7 {14} 36. Qde7+ {12} Kh6 {14} 37. Qxf6+ {6} Kh7 {20} 38. Qeh8# {6} 1-0

[Event "TOP 12 Feminin_GroupeB"]
[Site "CHARTRES, France"]
[Date "2024.05.09"]
[Round "1.10"]
[White "HBAILI, Kiyane"]
[Black "DELORME, Laurie"]
[Result "0-1"]
[WhiteElo "1522"]
[BlackElo "2075"]
[Annotator ",jmourgues41@gmail.co"]
[PlyCount "73"]
[EventDate "2024.??.??"]
[WhiteTeam "Strasbourg"]
[BlackTeam "Marseille"]

1. e4 {8} e5 {10} 2. Nf3 {9} Nc6 {7} 3. d4 {15} exd4 {7} 4. Nxd4 {6} Nf6 {15}
5. Nc3 {23} Bb4 {23} 6. Nxc6 {24} bxc6 {6} 7. Bd3 {31} O-O {51} 8. O-O {91} d5
{8} 9. exd5 {102} cxd5 {7} 10. Bg5 {202} c6 {11} 11. a3 {688} Bd6 {262} 12. h3
{606} Rb8 {382} 13. Rb1 {569} h6 {1043} 14. Bd2 {1017} Bd7 {482} 15. Re1 {354}
c5 {498} 16. Qf3 {882} Be6 {268} 17. Nb5 {498} c4 {88} 18. Nxd6 {195} cxd3 {15}
19. Qxd3 {41} Qxd6 {28} 20. Bb4 {40} Rxb4 {26} 21. axb4 {20} Qxb4 {34} 22. c3 {
442} Qb6 {271} 23. Qc2 {143} Rc8 {116} 24. Qd2 {85} Ne4 {208} 25. Qe3 {30} Nc5
{452} 26. b4 {32} Ne4 {35} 27. Rbc1 {30} Nd6 {159} 28. Qxb6 {41} axb6 {6} 29.
Re2 {43} Nb5 {16} 30. c4 {24} Rxc4 {32} 31. Rxc4 {21} dxc4 {5} 32. Rc2 {37} c3
{29} 33. Kf1 {17} Bf5 {22} 34. Rc1 {30} c2 {7} 35. Ke1 {33} Nd4 {9} 36. Kd2 {34
} Nb3+ {4} 37. Ke1 {11} 0-1

[Event "TOP 12 Feminin_GroupeB"]
[Site "CHARTRES, France"]
[Date "2024.05.09"]
[Round "1.11"]
[White "CORNILEAU, Juliette"]
[Black "HAROUTYUNYAN, Syuzanna"]
[Result "1-0"]
[WhiteElo "1986"]
[BlackElo "1594"]
[PlyCount "61"]
[EventDate "2024.??.??"]
[WhiteTeam "Marseille"]
[BlackTeam "Strasbourg"]

1. e4 {3} e5 {11} 2. Nc3 {7} Nc6 {39} 3. Bc4 {12} Nf6 {49} 4. d3 {60} h6 {135}
5. Nge2 {113} Bb4 {104} 6. O-O {137} O-O {98} 7. a3 {81} Bxc3 {128} 8. Nxc3 {45
} d6 {101} 9. f4 {674} Bg4 {325} 10. Qe1 {72} Nd4 {268} 11. Qf2 {10} Be6 {2464}
12. h3 {591} Bxc4 {796} 13. dxc4 {6} Qe7 {247} 14. Be3 {570} Nc6 {157} 15. f5
Kh8 {190} 16. g4 {499} Nh7 {400} 17. Nd5 {48} Qd8 {39} 18. h4 {874} f6 {151}
19. c5 {80} Ne7 {155} 20. Rad1 {79} a6 {73} 21. Nxc7 {86} Qxc7 {57} 22. cxd6 {5
} Qd7 {21} 23. dxe7 {7} Qxe7 {15} 24. Bc5 {11} Qf7 {96} 25. Bxf8 {8} Rxf8 {26}
26. Qd2 {184} Qe7 {89} 27. Qd6 {153} Qf7 {58} 28. Qe6 {362} Qxe6 {23} 29. fxe6
{1} Re8 {23} 30. e7 {12} Rxe7 {63} 31. Rd8+ {9} 1-0

[Event "TOP 12 Feminin_GroupeB"]
[Site "CHARTRES, France"]
[Date "2024.05.10"]
[Round "2.1"]
[White "SAVINA, Anastasia"]
[Black "CRAMLING, Pia"]
[Result "1/2-1/2"]
[WhiteElo "2331"]
[BlackElo "2449"]
[PlyCount "71"]
[EventDate "2024.??.??"]
[WhiteTeam "Vandoeuvre"]
[BlackTeam "Monaco"]

1. d4 {12} Nf6 {7} 2. c4 {5} e6 {6} 3. Nc3 {4} Bb4 {7} 4. e3 {4} b6 {10} 5.
Nge2 {385} Ba6 {127} 6. Qa4 {662} c5 {76} 7. a3 {304} Bxc3+ {24} 8. Nxc3 {16}
O-O {66} 9. dxc5 {1635} bxc5 {13} 10. Be2 {14} d5 {110} 11. O-O {44} Bxc4 {870}
12. Bxc4 {179} dxc4 {8} 13. Qxc4 {363} Nbd7 {114} 14. Rd1 {156} Qb6 {887} 15.
b4 {450} cxb4 {448} 16. Na4 {96} Qb7 {261} 17. axb4 {371} Rfc8 {328} 18. Nc5 {
260} Nxc5 {131} 19. bxc5 {3} Nd7 {127} 20. Ba3 {172} Ne5 {338} 21. Qc3 {204}
Nc6 {15} 22. Rab1 {52} Rd8 {186} 23. Bb2 {344} Rxd1+ {312} 24. Rxd1 {2} e5 {30}
25. f4 {83} Rb8 {234} 26. fxe5 {114} Qxb2 {251} 27. Qxb2 {8} Rxb2 {6} 28. Rd6 {
7} Kf8 {228} 29. Rxc6 {4} Rc2 {40} 30. Rc7 {343} a5 {54} 31. c6 {5} a4 {68} 32.
Ra7 {15} Rxc6 {22} 33. Rxa4 {3} Rc5 {80} 34. e6 {124} fxe6 {23} 35. Kf2 {6} Kf7
{22} 36. Kf3 {18} 1/2-1/2

[Event "TOP 12 Feminin_GroupeB"]
[Site "CHARTRES, France"]
[Date "2024.05.10"]
[Round "2.2"]
[White "SKRIPCHENKO, Almira"]
[Black "BEREND, Elvira"]
[Result "0-1"]
[WhiteElo "2386"]
[BlackElo "2256"]
[PlyCount "88"]
[EventDate "2024.??.??"]
[WhiteTeam "Monaco"]
[BlackTeam "Vandoeuvre"]

1. e4 {15} c5 {8} 2. Nf3 {17} d6 {10} 3. d4 {162} cxd4 {9} 4. Qxd4 {4} a6 {35}
5. c4 {16} Nc6 {74} 6. Qd2 {40} Bg4 {209} 7. Nd4 {1058} Nf6 {225} 8. Nc3 {32}
g6 {833} 9. f3 {272} Bd7 {28} 10. Nc2 {296} Bg7 {37} 11. Be2 {57} h5 {366} 12.
b3 {345} Bh6 {298} 13. Qd1 {611} Bxc1 {30} 14. Rxc1 {2} h4 {497} 15. Qd2 {295}
Kf8 {525} 16. Nd5 {109} Nh5 {132} 17. Qe3 {279} Kg7 {759} 18. f4 {468} e6 {106}
19. Nc3 {378} e5 {409} 20. Bxh5 {185} Rxh5 {70} 21. O-O {22} exf4 {90} 22. Qxf4
{241} Be6 {15} 23. Rcd1 {36} h3 {176} 24. g3 {62} Qa5 {101} 25. Qf6+ {332} Kg8
{8} 26. Ne3 {43} Qc5 {42} 27. Qf2 {7} Rf8 {187} 28. Ned5 {179} Re5 {126} 29.
Nf4 {159} Bg4 {193} 30. Rd2 {15} Qxf2+ {37} 31. Rdxf2 {16} Kg7 {79} 32. Rd2 {37
} Rd8 {28} 33. Nd3 {109} Ree8 {40} 34. Rdf2 {14} f5 {43} 35. exf5 {83} Re3 {54}
36. fxg6 {262} Rxd3 {28} 37. Rf7+ {5} Kh6 {59} 38. g7 {158} Rxc3 {48} 39. R1f4
{118} Ne5 {18} 40. Rf8 {17} Kxg7 {26} 41. Rxd8 {7} Rc2 {235} 42. Rxd6 {40} Nf3+
{14} 43. Rxf3 {81} Bxf3 {5} 44. Rd3 {37} Rg2+ {10} 0-1

[Event "TOP 12 Feminin_GroupeB"]
[Site "CHARTRES, France"]
[Date "2024.05.10"]
[Round "2.3"]
[White "THOMAS, Anysia"]
[Black "BELENKAYA, Dina"]
[Result "0-1"]
[WhiteElo "2167"]
[BlackElo "2179"]
[PlyCount "92"]
[EventDate "2024.??.??"]
[WhiteTeam "Vandoeuvre"]
[BlackTeam "Monaco"]

1. d4 {3} d5 {6} 2. c4 {5} e6 {5} 3. Nf3 {14} Nf6 {6} 4. g3 {5} Be7 {8} 5. Bg2
{17} O-O {14} 6. O-O {4} c6 {9} 7. Qc2 {40} h6 {10} 8. Nbd2 {39} b6 {33} 9. e4
{34} Bb7 {31} 10. cxd5 {138} cxd5 {7} 11. e5 {14} Nfd7 {18} 12. Re1 {33} Nc6 {
113} 13. Nf1 {497} Rc8 {199} 14. Qa4 {320} Nb4 {1063} 15. Ne3 {73} Bc6 {504}
16. Qb3 {469} Bb5 {212} 17. a3 {224} Bc4 {45} 18. Nxc4 {7} dxc4 {8} 19. Qd1 {54
} Nd3 {47} 20. Re2 {382} Nb8 {387} 21. Be3 {436} Nc6 {42} 22. Qa4 {215} Na5 {
252} 23. Qc2 {1161} Nb3 {122} 24. Rd1 {14} f5 {508} 25. exf6 {490} Bxf6 {157}
26. Ne5 {327} Bxe5 {176} 27. dxe5 {22} Qe7 {921} 28. Qc3 {211} b5 {76} 29. Be4
{139} Rfd8 {135} 30. Rc2 {345} Ndc5 {270} 31. Rxd8+ {135} Rxd8 {205} 32. Bxc5 {
279} Nxc5 {14} 33. Qe3 {133} Rd1+ {169} 34. Kg2 {4} Nxe4 {302} 35. Qxe4 {2} Qd8
{23} 36. Re2 {99} a5 {56} 37. Qc6 {112} Qd5+ {63} 38. Qxd5 {5} exd5 {44} 39.
Kf3 {57} b4 {123} 40. axb4 {10} axb4 {4} 41. e6 {61} Kf8 {13} 42. Re5 {27} c3 {
79} 43. bxc3 {6} bxc3 {12} 44. Re2 {31} d4 {106} 45. Rc2 {18} Re1 {25} 46. Kf4
{67} Rxe6 {31} 0-1

[Event "TOP 12 Feminin_GroupeB"]
[Site "CHARTRES, France"]
[Date "2024.05.10"]
[Round "2.4"]
[White "DORBUSCH, Tatiana"]
[Black "STOLL, Lucia"]
[Result "1-0"]
[WhiteElo "2197"]
[BlackElo "1915"]
[PlyCount "79"]
[EventDate "2024.??.??"]
[WhiteTeam "Monaco"]
[BlackTeam "Vandoeuvre"]

1. d4 {27} Nf6 {10} 2. Nf3 {41} e6 {18} 3. g3 {255} b5 {24} 4. a4 {108} b4 {43}
5. Bg2 {51} Bb7 {18} 6. c4 {50} c5 {106} 7. O-O {356} Nc6 {278} 8. e3 {620} Na5
{411} 9. Nbd2 {153} Rc8 {570} 10. b3 {275} Qb6 {621} 11. Bb2 {214} Be7 {1129}
12. Re1 {151} O-O {340} 13. e4 {58} cxd4 {178} 14. e5 {94} Ne8 {270} 15. Bxd4 {
44} Qc7 {210} 16. Rc1 {720} f6 {191} 17. Qe2 {251} f5 {511} 18. Qe3 {438} Nc6 {
157} 19. Bb2 {243} h6 {237} 20. h4 {71} Kh7 {47} 21. h5 {79} Na5 {254} 22. Qf4
{281} Qd8 {150} 23. Qe3 {166} Nc6 {150} 24. Rcd1 {22} Nc7 {26} 25. Nd4 {368}
Qe8 {90} 26. Qe2 {515} Na6 {67} 27. Nb5 {41} Nc5 {38} 28. Bxc6 {106} dxc6 {31}
29. Nd6 {37} Bxd6 {5} 30. exd6 {5} Qd7 {35} 31. Nf3 {134} Ne4 {72} 32. Ne5 {50}
Qd8 {1} 33. c5 {132} Nxc5 {22} 34. Ng6 {37} Rf7 {3} 35. Qe5 {31} Ne4 {42} 36.
Rxe4 {49} fxe4 {9} 37. Qxe4 {15} Kg8 {29} 38. Qxe6 {30} Qe8 {93} 39. Ne7+ {46}
Kf8 {25} 40. d7 {55} 1-0

[Event "TOP 12 Feminin_GroupeB"]
[Site "CHARTRES, France"]
[Date "2024.05.10"]
[Round "2.5"]
[White "BROLY, Mathilde"]
[Black "GARCIA MARIN, Marta"]
[Result "0-1"]
[WhiteElo "2097"]
[BlackElo "2342"]
[PlyCount "86"]
[EventDate "2024.??.??"]
[WhiteTeam "Clichy"]
[BlackTeam "Marseille"]

1. c4 {8} e5 {222} 2. Nc3 {69} Nc6 {12} 3. Nf3 {103} f5 {46} 4. e3 {52} Nf6 {
866} 5. d4 {104} e4 {10} 6. Ne5 {31} Bb4 {796} 7. Bd2 {1403} Qe7 {834} 8. Nxc6
{545} bxc6 {24} 9. a3 {252} Bxc3 {8} 10. Bxc3 {6} d6 {150} 11. d5 {423} cxd5 {
310} 12. cxd5 {61} O-O {27} 13. Qd4 {163} Bb7 {270} 14. Bc4 {75} Qf7 {701} 15.
O-O-O {243} Rfe8 {108} 16. f4 {250} a5 {293} 17. h3 {127} Ba6 {110} 18. Bxa6 {
415} Rxa6 {6} 19. Qc4 {32} Raa8 {604} 20. Bxf6 {56} Qxf6 {133} 21. Qd4 {7} Qxd4
{121} 22. Rxd4 {7} Reb8 {43} 23. Kc2 {311} Rb5 {18} 24. Rb1 {249} a4 {303} 25.
g4 {202} g6 {37} 26. gxf5 {82} gxf5 {6} 27. Rg1+ {4} Kf7 {9} 28. Rg5 {23} Kf6 {
33} 29. Rh5 {8} Rab8 {142} 30. Rb4 {131} Rc5+ {47} 31. Kb1 {63} Rxb4 {5} 32.
axb4 {3} Rxd5 {16} 33. Rxh7 {14} Rd3 {60} 34. Rxc7 {107} Rxe3 {5} 35. Rh7 {176}
Rb3 {66} 36. Kc2 {12} Rxb4 {32} 37. Rh6+ {31} Ke7 {13} 38. Rh7+ {26} Ke6 {6}
39. Rh6+ {21} Kd5 {69} 40. Rf6 {19} e3 {5} 41. Rxf5+ {79} Ke4 {5} 42. Rg5 {53}
Kf3 {60} 43. f5 {118} e2 {30} 0-1

[Event "TOP 12 Feminin_GroupeB"]
[Site "CHARTRES, France"]
[Date "2024.05.10"]
[Round "2.6"]
[White "DELORME, Laurie"]
[Black "COCHET, Caroline"]
[Result "1-0"]
[WhiteElo "2075"]
[BlackElo "1972"]
[PlyCount "55"]
[EventDate "2024.??.??"]
[WhiteTeam "Marseille"]
[BlackTeam "Clichy"]

1. d4 {200} d6 {26} 2. Nf3 {175} Nf6 {52} 3. c4 {57} g6 {156} 4. Nc3 {6} Bg7 {
145} 5. Bg5 {152} Nbd7 {387} 6. e3 {54} O-O {425} 7. Be2 {90} c5 {262} 8. d5 {
107} h6 {407} 9. Bh4 {23} g5 {179} 10. Bg3 {8} Nh5 {116} 11. Qc2 {495} f5 {936}
12. Nxg5 {381} hxg5 {161} 13. Bxh5 {55} Ne5 {305} 14. Bxe5 {268} Bxe5 {235} 15.
Be2 {130} e6 {296} 16. Rd1 {1135} Qf6 {772} 17. g3 {208} Bxc3+ {188} 18. Qxc3 {
97} Qxc3+ {41} 19. bxc3 {10} e5 {25} 20. f4 {102} exf4 {245} 21. gxf4 {45} g4 {
41} 22. Kf2 {60} Bd7 {121} 23. h3 {109} gxh3 {97} 24. Rxh3 {15} Rf7 {134} 25.
Rdh1 {105} Kg7 {14} 26. Rh7+ {11} Kf6 {15} 27. Rxf7+ {7} Kxf7 {8} 28. Rh7+ {5}
1-0